[Event "Newfoundland-ch"]
[Site "Portugal Cove "]
[Date "2013.04.21"]
[Round "4"]
[White "MacIsaac, Ray"]
[Black "Leonard, Anthony"]
[Result "0-1"]
[WhiteElo "1676"]
[BlackElo "2017"]
[PlyCount "96"]
[EventDate "2013.04.19"]
[EventRounds "5"]
[EventCountry "CAN"]
[SourceDate "2005.09.12"]

1. e4 c5 2. Nf3 e6 3. b3 Nc6 4. Bb2 d6 5. d4 cxd4 6. Nxd4 e5 7. Ne2 Be6 8. Nbc3
Nf6 9. Qd2 Be7 10. O-O-O O-O 11. f3 Ng4 12. Qe1 Bg5+ 13. Kb1 Ne3 14. h4 Nxd1
15. Nxd1 Bh6 16. g4 f6 17. Ng3 a5 18. a4 Nb4 19. Bc3 Qb6 20. Bb5 Qc5 21. Nf5
Bxf5 22. gxf5 Nc6 23. Nb2 Kh8 24. Nd3 Qb6 25. Nf2 Nd4 26. Ng4 Nxb5 27. axb5 Bf4
28. h5 h6 29. Bd2 Bg5 30. Bxg5 fxg5 31. f6 a4 32. fxg7+ Kxg7 33. Qc3 axb3 34.
cxb3 Rfc8 35. Qb2 Qxb5 36. Rd1 Qc5 37. f4 gxf4 38. Qg2 f3 39. Qd2 Rh8 40. Nxh6
Ra1+ 41. Kxa1 Qa3+ 42. Qa2 Qxa2+ 43. Kxa2 Rxh6 44. Rf1 Rf6 45. Ka3 Kh6 46. Kb4
Kxh5 47. Kb5 Kg4 48. Kb6 Rf7 0-1

[Event "Newfoundland-ch"]
[Site "Portugal Cove "]
[Date "2013.04.21"]
[Round "4"]
[White "Oliver, Brian"]
[Black "El-Gohary, Samir"]
[Result "0-1"]
[WhiteElo "1477"]
[BlackElo "1543"]
[PlyCount "136"]
[EventDate "2013.04.19"]
[EventRounds "5"]
[EventCountry "CAN"]
[SourceDate "2005.09.12"]

1. Nf3 c6 2. c4 d5 3. e3 Bf5 4. Nc3 e6 5. d4 Nf6 6. cxd5 exd5 7. Bd2 Bd6 8. h3
O-O 9. Be2 Nbd7 10. g4 Bg6 11. Qb3 Rb8 12. O-O-O Ne4 13. Nxe4 Bxe4 14. Rhg1
Bxf3 15. Bxf3 Qf6 16. e4 Qxd4 17. Be3 Qf6 18. Bxa7 Bf4+ 19. Kb1 Ra8 20. Bd4 Ne5
21. exd5 Qg6+ 22. Ka1 Nxf3 23. Qxf3 Bg5 24. Bc3 c5 25. Qf5 Qa6 26. a3 Bd8 27.
d6 Qc6 28. g5 b5 29. Qe5 f6 30. Qe6+ Kh8 31. Qd5 Qxd5 32. Rxd5 b4 33. gxf6 Bxf6
34. Bxf6 Rxf6 35. d7 Rff8 36. Ka2 bxa3 37. Rxc5 axb2+ 38. Kxb2 Rxf2+ 39. Kb3
Rb8+ 40. Kc4 Rc2+ 41. Kd5 Rd2+ 42. Kc6 Rd8 43. Re1 R2xd7 44. Rce5 Rf7 45. Re8+
Rf8 46. Rxf8+ Rxf8 47. Kd7 g6 48. Ke7 Kg7 49. h4 h5 50. Re6 Rf7+ 51. Ke8 Rf4
52. Re7+ Kh6 53. Re6 Rxh4 54. Kf7 Rg4 55. Rf6 h4 56. Rf3 Rg3 57. Rf4 g5 58.
Rf6+ Kh5 59. Kg7 Kg4 60. Rh6 h3 61. Kg6 Kf3 62. Kf5 g4 63. Rh4 Kg2 64. Kf4 h2
65. Rh5 Rh3 66. Rc5 Rf3+ 67. Kxg4 h1=Q 68. Rc2+ Rf2 0-1

[Event "Newfoundland-ch"]
[Site "Portugal Cove "]
[Date "2013.04.21"]
[Round "4"]
[White "Payne, Morley"]
[Black "Myler, Sid"]
[Result "1-0"]
[WhiteElo "1576"]
[BlackElo "1489"]
[PlyCount "87"]
[EventDate "2013.04.19"]
[EventRounds "5"]
[EventCountry "CAN"]
[SourceDate "2005.09.12"]

1. d4 d5 2. c4 Bf5 3. Nc3 e6 4. Nf3 Bb4 5. Qa4+ Nc6 6. Ne5 Bxc3+ 7. bxc3 Nge7
8. Ba3 O-O 9. Nxc6 bxc6 10. e3 Re8 11. Be2 Qd7 12. O-O h6 13. Rfd1 Nc8 14. c5
a5 15. Bd3 Bg4 16. f3 Bh5 17. Qc2 f5 18. Qf2 Ne7 19. Qh4 Bf7 20. f4 Rab8 21.
Rf1 Ng6 22. Qh3 Qe7 23. Rab1 Qf6 24. Rxb8 Rxb8 25. Rb1 Qd8 26. g4 Rxb1+ 27.
Bxb1 Qb8 28. Bd3 fxg4 29. Qxg4 Ne7 30. Kf2 Qe8 31. Bc1 Kh8 32. Bd2 Ng8 33. Qg2
Bh5 34. e4 Nf6 35. e5 Nh7 36. Ke3 Qf7 37. Be1 Nf8 38. Bh4 Ng6 39. Bg3 Bd1 40.
Qd2 Ba4 41. c4 h5 42. h4 Qe7 43. Bxg6 dxc4 44. Qe2 1-0

[Event "Newfoundland-ch"]
[Site "Portugal Cove "]
[Date "2013.04.21"]
[Round "4"]
[White "Spraggett, Grant"]
[Black "Berson, Jordan"]
[Result "1-0"]
[WhiteElo "2385"]
[BlackElo "2021"]
[PlyCount "77"]
[EventDate "2013.04.19"]
[EventRounds "5"]
[EventCountry "CAN"]
[SourceDate "2005.09.12"]

1. c4 e5 2. g3 Nf6 3. Bg2 Nc6 4. Nc3 Bb4 5. Nd5 O-O 6. a3 Bc5 7. e3 a5 8. Ne2
Nxd5 9. cxd5 Ne7 10. O-O d6 11. d4 exd4 12. Nxd4 Nf5 13. Ne2 Qf6 14. Nc3 Ba7
15. Bd2 Bd7 16. Qc2 Rac8 17. Ne4 Qg6 18. Rac1 c6 19. Qa4 Ra8 20. Qb3 Rfb8 21.
Nc3 Nh4 22. Be4 Bf5 23. Bxf5 Nf3+ 24. Kg2 Qxf5 25. Qd1 Ng5 26. h4 Ne4 27. Qc2
cxd5 28. f3 Nxg3 29. Kxg3 Qh5 30. Nb5 Bb6 31. Nd4 Bd8 32. Rh1 Bf6 33. Qd3 Rc8
34. Bc3 Rc4 35. f4 Rac8 36. Rcg1 Re8 37. Rh3 Rc7 38. Kh2 Rce7 39. Nf5 1-0

[Event "Newfoundland-ch"]
[Site "Portugal Cove "]
[Date "2013.04.21"]
[Round "5"]
[White "Dawson, Jeffrey"]
[Black "Bradbury, Dennis"]
[Result "1-0"]
[WhiteElo "1458"]
[BlackElo "1713"]
[PlyCount "63"]
[EventDate "2013.04.19"]
[EventRounds "5"]
[EventCountry "CAN"]
[SourceDate "2005.09.12"]

1. f4 d5 2. b3 Nc6 3. d4 Bg4 4. h3 Bd7 5. e3 e5 6. dxe5 Qh4+ 7. Kd2 d4 8. Ke2
O-O-O 9. Nf3 Qh5 10. Kf2 Bc5 11. Bd3 dxe3+ 12. Bxe3 Bxe3+ 13. Kxe3 Qh6 14. Bb5
Be6 15. Qe2 Nb4 16. Nc3 Bf5 17. Nd4 Qb6 18. Kf3 Rxd4 19. Rad1 Nxc2 20. g4 Rxd1
21. Qxd1 Nd4+ 22. Kg3 Nxb5 23. Nd5 Qd4 24. gxf5 c6 25. Qg4 Nh6 26. Ne7+ Kb8 27.
Qxg7 Rg8 28. f6 Rxg7+ 29. fxg7 Qe3+ 30. Kh4 Qxf4+ 31. Kh5 Nf5 32. g8=Q+ 1-0

[Event "Newfoundland-ch"]
[Site "Portugal Cove "]
[Date "2013.04.21"]
[Round "5"]
[White "Hambleton, Aman"]
[Black "Berson, Jordan"]
[Result "1-0"]
[WhiteElo "2583"]
[BlackElo "2021"]
[PlyCount "51"]
[EventDate "2013.04.19"]
[EventRounds "5"]
[EventCountry "CAN"]
[SourceDate "2005.09.12"]

1. d4 Nf6 2. c4 g6 3. Nc3 d5 4. cxd5 Nxd5 5. Bd2 Bg7 6. e4 Nxc3 7. Bxc3 O-O 8.
Qd2 Nc6 9. Ne2 b6 10. d5 Ne5 11. Nd4 Bb7 12. f4 Ng4 13. Be2 Nf6 14. Bf3 e6 15.
Nc6 Bxc6 16. dxc6 Qxd2+ 17. Kxd2 Rfd8+ 18. Ke3 Ne8 19. e5 Bf8 20. Rhd1 Bc5+ 21.
Ke2 h5 22. b4 Bf8 23. Rd7 Bg7 24. Rad1 Nd6 25. exd6 Bxc3 26. Rxd8+ 1-0

[Event "Newfoundland-ch"]
[Site "Portugal Cove "]
[Date "2013.04.21"]
[Round "5"]
[White "Leonard, Anthony"]
[Black "Spraggett, Grant"]
[Result "1-0"]
[WhiteElo "2017"]
[BlackElo "2385"]
[PlyCount "67"]
[EventDate "2013.04.19"]
[EventRounds "5"]
[EventCountry "CAN"]
[SourceDate "2005.09.12"]

1. e4 c6 2. d4 d5 3. Nc3 dxe4 4. Nxe4 Nf6 5. Nxf6+ gxf6 6. c3 Qc7 7. Qh5 Be6 8.
Ne2 Qc8 9. Nf4 Bg4 10. Qh4 Bf5 11. Bc4 Bg7 12. O-O Rg8 13. Re1 Nd7 14. Qh5 Bg6
15. Qe2 Bf8 16. Nxg6 Rxg6 17. Bd3 Rg8 18. Bxh7 Rh8 19. Bf5 Qc7 20. g3 O-O-O 21.
Bf4 Qa5 22. Be4 Bh6 23. b4 Qb6 24. Bxh6 Rxh6 25. a4 Qc7 26. b5 c5 27. a5 Rdh8
28. b6 axb6 29. axb6 Nxb6 30. Ra7 Kd8 31. Rxb7 Qd6 32. dxc5 Qxc5 33. Rd1+ Kc8
34. Qa6 1-0

[Event "Newfoundland-ch"]
[Site "Portugal Cove "]
[Date "2013.04.21"]
[Round "5"]
[White "MacIsaac, Ray"]
[Black "Cole, Dustin"]
[Result "1/2-1/2"]
[WhiteElo "1676"]
[BlackElo "1907"]
[PlyCount "111"]
[EventDate "2013.04.19"]
[EventRounds "5"]
[EventCountry "CAN"]
[SourceDate "2005.09.12"]

1. e4 c5 2. Nf3 d6 3. b3 e5 4. Bc4 h6 5. Bb2 Nf6 6. Qe2 Nc6 7. h3 Be7 8. Nc3 a6
9. a4 Nb4 10. d3 Bd7 11. O-O O-O 12. Nd5 Nbxd5 13. Bxd5 Nxd5 14. exd5 f5 15.
Nd2 f4 16. f3 Rb8 17. a5 Qe8 18. Ne4 Qg6 19. Kh1 Rf5 20. Bc3 Bh4 21. Be1 Bxe1
22. Qxe1 Rh5 23. Rf2 Rf8 24. Ra2 Bf5 25. c4 Bxe4 26. dxe4 Qe8 27. b4 Qd7 28.
bxc5 dxc5 29. Rab2 Rb8 30. Rb6 Qa4 31. Qc3 Qd7 32. Qd3 Qa4 33. Qc3 Qd7 34. Kg1
Rg5 35. Kf1 Qd8 36. Rd2 Rh5 37. d6 Qd7 38. Qd3 Kh7 39. Rdb2 Rh4 40. Qa3 Rh5 41.
Qxc5 Rxh3 42. gxh3 Qxh3+ 43. Ke2 Rc8 44. Qf2 Rxc4 45. Rxb7 Qh1 46. Rd2 Rxe4+
47. fxe4 Qxe4+ 48. Kf1 Qh1+ 49. Qg1 Qf3+ 50. Ke1 Qxb7 51. d7 Qe4+ 52. Kf1 Qf3+
53. Qf2 Qh1+ 54. Ke2 Qe4+ 55. Kf1 Qh1+ 56. Ke2 1/2-1/2

[Event "Newfoundland-ch"]
[Site "Portugal Cove "]
[Date "2013.04.21"]
[Round "5"]
[White "Martin, Steve"]
[Black "Payne, Morley"]
[Result "0-1"]
[WhiteElo "1892"]
[BlackElo "1576"]
[PlyCount "64"]
[EventDate "2013.04.19"]
[EventRounds "5"]
[EventCountry "CAN"]
[SourceDate "2005.09.12"]

1. e4 e5 2. Nc3 d6 3. f4 Nc6 4. Nf3 Bg4 5. Bb5 Nge7 6. O-O a6 7. Be2 Qd7 8. d3
f6 9. fxe5 dxe5 10. Be3 O-O-O 11. a3 h5 12. b4 Nb8 13. a4 Ng6 14. b5 a5 15. Nd5
Ne7 16. c4 Nxd5 17. cxd5 Bb4 18. Rc1 Qd6 19. Nd2 Bxe2 20. Qxe2 Nd7 21. Nc4 Qe7
22. b6 Bc5 23. bxc7 Kxc7 24. Bxc5 Nxc5 25. Qd2 Nb3 26. Nxe5+ Kb8 27. Ng6 Nxd2
28. Nxe7 Nxf1 29. Kxf1 Rd7 30. Nf5 Rc8 31. Rxc8+ Kxc8 32. d4 g6 0-1

[Event "Newfoundland-ch"]
[Site "Portugal Cove "]
[Date "2013.04.21"]
[Round "5"]
[White "Myler, Sid"]
[Black "Oliver, Brian"]
[Result "1-0"]
[WhiteElo "1489"]
[BlackElo "1477"]
[PlyCount "129"]
[EventDate "2013.04.19"]
[EventRounds "5"]
[EventCountry "CAN"]
[SourceDate "2005.09.12"]

1. e4 c6 2. a3 d5 3. e5 Nd7 4. d4 c5 5. e6 fxe6 6. Bb5 Ngf6 7. dxc5 a6 8. Ba4
b5 9. c6 Qa5+ 10. Nc3 bxa4 11. cxd7+ Bxd7 12. Bd2 Qc7 13. Nf3 e5 14. O-O d4 15.
Ne2 Bg4 16. Ng3 e6 17. Re1 Bd6 18. h3 Bxf3 19. Qxf3 O-O 20. Ne4 Nd5 21. Qg4 Rf5
22. Ng3 Qe7 23. c4 Nf6 24. Qe2 h6 25. Ne4 Nxe4 26. Qxe4 Raf8 27. f3 Bc5 28. Kh1
Rb8 29. Reb1 Rb3 30. Qa8+ Rf8 31. Qxa6 Qe8 32. Re1 Rb6 33. Qa5 Qc6 34. Rxe5
Rxf3 35. Rxc5 Rxh3+ 36. Kg1 Qd6 37. Rh5 Qh2+ 38. Kf2 Qg3+ 39. Ke2 d3+ 40. Kf1
Rxh5 41. Qxh5 Rb8 42. c5 Rf8+ 43. Kg1 Qf2+ 44. Kh2 Qxd2 45. Qe5 Qf4+ 46. Qxf4
Rxf4 47. Kg3 Rc4 48. Rd1 Rxc5 49. Rxd3 Kf7 50. b4 axb3 51. Rxb3 Kf6 52. a4 Ke5
53. Rb8 Ra5 54. Rb5+ Rxb5 55. axb5 Kd6 56. b6 Kc6 57. b7 Kxb7 58. Kf4 Kc6 59.
Ke5 Kd7 60. g4 Ke7 61. Ke4 Kf6 62. Kf4 g5+ 63. Ke4 Kg6 64. Kf3 e5 65. Ke4 1-0

[Event "Northern Alberta op"]
[Site "Edmonton"]
[Date "2013.02.17"]
[Round "4"]
[White "Pechenkin, Vladimir"]
[Black "Kalisvaart, Peter"]
[Result "1-0"]
[WhiteElo "2439"]
[BlackElo "2189"]
[PlyCount "77"]
[EventDate "2013.02.16"]
[EventRounds "5"]
[EventCountry "CAN"]
[SourceDate "2005.09.12"]

1. c4 Nc6 2. d4 d5 3. Nc3 Nf6 4. Nf3 e6 5. Bg5 Be7 6. e3 h6 7. Bh4 Ne4 8. Bxe7
Qxe7 9. cxd5 Nxc3 10. bxc3 exd5 11. Rb1 Rb8 12. c4 Be6 13. Qa4 O-O 14. Be2 Rfd8
15. O-O a6 16. c5 Bg4 17. h3 Bxf3 18. Bxf3 g6 19. Rb2 Rd7 20. Rfb1 Nd8 21. c6
Nxc6 22. Rxb7 Rxb7 23. Rxb7 Nd8 24. Ra7 Kg7 25. Qxa6 f5 26. Ra8 c6 27. Qc8 Qd6
28. g3 Kf6 29. a4 Nf7 30. Qe8 Re7 31. Qf8 Rc7 32. Qg8 Qb4 33. h4 h5 34. Kg2 Qb7
35. a5 c5 36. dxc5 Rxc5 37. a6 Qd7 38. Rb8 Rc7 39. Rb6+ 1-0

[Event "Northern Alberta op"]
[Site "Edmonton"]
[Date "2013.02.16"]
[Round "3"]
[White "Pechenkin, Vladimir"]
[Black "Bentley, Bill"]
[Result "1-0"]
[WhiteElo "2439"]
[BlackElo "1817"]
[PlyCount "43"]
[EventDate "2013.02.16"]
[EventRounds "5"]
[EventCountry "CAN"]
[SourceDate "2005.09.12"]

1. c4 e6 2. g3 f5 3. Bg2 Nf6 4. Nf3 c6 5. O-O d5 6. d3 Bd6 7. Nc3 O-O 8. e4
fxe4 9. dxe4 Bb4 10. exd5 exd5 11. cxd5 Bxc3 12. bxc3 Nxd5 13. Ba3 Re8 14. Qc2
Na6 15. c4 Ndb4 16. Qc3 c5 17. Bb2 Qc7 18. Ne5 Nb8 19. Rfe1 Bf5 20. a3 N4a6 21.
Bd5+ Be6 22. Ng4 1-0

[Event "Northern Alberta op"]
[Site "Edmonton"]
[Date "2013.02.16"]
[Round "1"]
[White "Gardner, Robert"]
[Black "Bell, Dennis"]
[Result "1-0"]
[WhiteElo "2355"]
[BlackElo "1611"]
[PlyCount "65"]
[EventDate "2013.02.16"]
[EventRounds "5"]
[EventCountry "CAN"]
[SourceDate "2005.09.12"]

1. d4 Nf6 2. c4 e5 3. dxe5 Ng4 4. e3 Nxe5 5. a3 Nbc6 6. Be2 Be7 7. f4 Ng6 8.
Nf3 d6 9. O-O O-O 10. Nc3 Nh4 11. Nd5 Nxf3+ 12. Bxf3 Qd7 13. b4 Bd8 14. Bb2 Ne7
15. Qd4 f6 16. Be4 Nf5 17. Qd3 c6 18. Nc3 g6 19. Rad1 Bc7 20. Bf3 Qd8 21. e4
Bb6+ 22. c5 dxc5 23. Qxd8 cxb4+ 24. Qxb6 axb6 25. exf5 bxc3 26. Bxc3 Bxf5 27.
Bb2 Kg7 28. g4 Be6 29. Rfe1 Kf7 30. Rd6 Rae8 31. f5 gxf5 32. gxf5 Rg8+ 33. Kf2
1-0

[Event "Northern Alberta op"]
[Site "Edmonton"]
[Date "2013.02.16"]
[Round "1"]
[White "Gluckie, Jamin"]
[Black "Arzumanyan, Armine"]
[Result "1-0"]
[WhiteElo "2216"]
[BlackElo "1572"]
[PlyCount "27"]
[EventDate "2013.02.16"]
[EventRounds "5"]
[EventCountry "CAN"]
[SourceDate "2005.09.12"]

1. d4 d5 2. c4 e6 3. Nc3 c6 4. e4 dxe4 5. Nxe4 Bb4+ 6. Bd2 Qxd4 7. Bxb4 Qxe4+
8. Be2 Na6 9. Bd6 c5 10. Nf3 Nh6 11. O-O f6 12. Bd3 Qc6 13. Bc2 Nb4 14. Ba4 1-0

[Event "Northern Alberta op"]
[Site "Edmonton"]
[Date "2013.02.17"]
[Round "4"]
[White "Rekhson, Vladislav"]
[Black "Beaudry, Lukas"]
[Result "1/2-1/2"]
[WhiteElo "2145"]
[BlackElo "2135"]
[PlyCount "43"]
[EventDate "2013.02.16"]
[EventRounds "5"]
[EventCountry "CAN"]
[SourceDate "2005.09.12"]

1. e4 c5 2. Nf3 d6 3. d4 cxd4 4. Nxd4 Nf6 5. Nc3 Nc6 6. Bg5 e6 7. Qd2 Be7 8.
O-O-O a6 9. f4 Qc7 10. h4 h6 11. Bxf6 gxf6 12. Kb1 Bd7 13. Bc4 Na5 14. Bb3 Nc4
15. Bxc4 Qxc4 16. Rh3 b5 17. Nd5 exd5 18. Rc3 Qa4 19. Ra3 Qc4 20. Rc3 Qa4 21.
Ra3 Qc4 22. Rc3 1/2-1/2

[Event "Northern Alberta op"]
[Site "Edmonton"]
[Date "2013.02.16"]
[Round "2"]
[White "Bentley, Bill"]
[Black "Gluckie, Jamin"]
[Result "1-0"]
[WhiteElo "1817"]
[BlackElo "2216"]
[PlyCount "51"]
[EventDate "2013.02.16"]
[EventRounds "5"]
[EventCountry "CAN"]
[SourceDate "2005.09.12"]

1. d4 e6 2. c4 f5 3. g3 Nf6 4. Bg2 Be7 5. Nf3 O-O 6. b3 Ne4 7. Bb2 Bf6 8. Nbd2
a5 9. Qc2 Nxd2 10. Qxd2 d6 11. O-O Qe7 12. Rae1 g5 13. e4 f4 14. e5 Bg7 15.
gxf4 g4 16. Ng5 dxe5 17. dxe5 Bh6 18. Be4 Bxg5 19. fxg5 Nc6 20. Kh1 Bd7 21. Rg1
Qf7 22. g6 hxg6 23. Rxg4 Ne7 24. Ba3 Nf5 25. Bxf8 Rxf8 26. Reg1 1-0

[Event "KAERNTNER SCHACHSOMMER 2013 22. int. Op"]
[Site "Feffernitz"]
[Date "2013.08.18"]
[Round "1"]
[White "Malakhatko, Vadim"]
[Black "Dieli, Riccardo"]
[Result "1-0"]
[WhiteElo "2525"]
[BlackElo "1853"]
[PlyCount "65"]
[EventDate "2013.08.18"]
[EventRounds "9"]
[EventCountry "AUT"]
[SourceDate "2005.09.12"]

1. d4 Nf6 2. c4 c5 3. d5 b5 4. cxb5 a6 5. bxa6 Bxa6 6. Nc3 g6 7. g3 d6 8. Bg2
Bg7 9. Nf3 O-O 10. O-O Nbd7 11. Rb1 Qc7 12. h3 Rfb8 13. Re1 Nb6 14. b3 Ng4 15.
Bb2 Ne5 16. Nxe5 Bxe5 17. Qc2 Nd7 18. f4 Bg7 19. Ne4 Bxb2 20. Rxb2 Bb7 21. Nd2
Nf6 22. e4 Qa5 23. Re3 Ba6 24. e5 Nh5 25. exd6 exd6 26. Ne4 Qb6 27. Qf2 f5 28.
g4 fxe4 29. gxh5 Bc8 30. hxg6 hxg6 31. Bxe4 Ra7 32. Bxg6 Bxh3 33. Rxh3 1-0

[Event "KAERNTNER SCHACHSOMMER 2013 22. int. Op"]
[Site "Feffernitz"]
[Date "2013.08.18"]
[Round "1"]
[White "Gallob, Alois"]
[Black "Stopa, Jacek"]
[Result "0-1"]
[WhiteElo "1850"]
[BlackElo "2491"]
[PlyCount "54"]
[EventDate "2013.08.18"]
[EventRounds "9"]
[EventCountry "AUT"]
[SourceDate "2005.09.12"]

1. Nf3 b5 2. e4 Bb7 3. d3 e6 4. g3 c5 5. Bg2 Nc6 6. c3 Nf6 7. O-O Be7 8. Qe2 d5
9. e5 Nd7 10. d4 b4 11. a3 bxc3 12. bxc3 Qa5 13. Bd2 Ba6 14. c4 Qa4 15. Nc3
Qxc4 16. Qxc4 Bxc4 17. Rfb1 cxd4 18. Nb5 O-O 19. Nbxd4 Nxd4 20. Nxd4 Nxe5 21.
Nc2 Bd3 22. Rb7 Bf6 23. Ra2 Rab8 24. Rxa7 Rb1+ 25. Ne1 Bc4 26. Rc2 Nd3 27. Bb4
Nxe1 0-1

[Event "KAERNTNER SCHACHSOMMER 2013 22. int. Op"]
[Site "Feffernitz"]
[Date "2013.08.18"]
[Round "1"]
[White "Cattaneo, Ugo"]
[Black "Mazi, Leon"]
[Result "0-1"]
[WhiteElo "1839"]
[BlackElo "2368"]
[PlyCount "50"]
[EventDate "2013.08.18"]
[EventRounds "9"]
[EventCountry "AUT"]
[SourceDate "2005.09.12"]

1. e4 c5 2. Nf3 d6 3. d4 cxd4 4. Nxd4 Nf6 5. Nc3 a6 6. Be2 e6 7. Bg5 Nbd7 8.
Qd2 h6 9. Nxe6 fxe6 10. Bh5+ Ke7 11. O-O-O Qc7 12. e5 Nxe5 13. Bxf6+ gxf6 14.
f4 Nc4 15. Nd5+ exd5 16. Rhe1+ Ne5 17. fxe5 dxe5 18. Qxd5 Be6 19. Qf3 Rc8 20.
Rd2 Bg7 21. Red1 f5 22. Qa3+ Qc5 23. Qg3 Bf6 24. Qg6 Qc6 25. Rd7+ Bxd7 0-1

[Event "KAERNTNER SCHACHSOMMER 2013 22. int. Op"]
[Site "Feffernitz"]
[Date "2013.08.18"]
[Round "1"]
[White "Praznik, Niko"]
[Black "Panada, Valter"]
[Result "1-0"]
[WhiteElo "2347"]
[BlackElo "1838"]
[PlyCount "97"]
[EventDate "2013.08.18"]
[EventRounds "9"]
[EventCountry "AUT"]
[SourceDate "2005.09.12"]

1. c4 e5 2. g3 Nf6 3. Bg2 Nc6 4. Nc3 Bb4 5. Nd5 O-O 6. Nxb4 Nxb4 7. a3 Nc6 8.
b4 d6 9. d3 h6 10. Nf3 Be6 11. Bb2 Rb8 12. O-O Qd7 13. Rc1 b6 14. d4 Nxd4 15.
Nxd4 exd4 16. Qxd4 Bh3 17. Qf4 Bxg2 18. Kxg2 Qg4 19. Bxf6 Qxf4 20. gxf4 gxf6
21. Kf3 f5 22. Rcd1 Kg7 23. Rg1+ Kf6 24. Rg3 Rg8 25. Rh3 Rg6 26. Rd5 Ke6 27.
Rh5 Rf6 28. Ke3 c6 29. Rd1 a6 30. Rg1 Rh8 31. Kd4 Rg6 32. Rg3 Rxg3 33. hxg3 Kf6
34. f3 Kg6 35. g4 Re8 36. e4 fxg4 37. fxg4 f6 38. a4 c5+ 39. bxc5 dxc5+ 40. Ke3
Rc8 41. Rd5 Rc6 42. Rd8 a5 43. f5+ Kg5 44. Rg8+ Kh4 45. Kf4 Rd6 46. Rh8 Kh3 47.
Rxh6+ Kg2 48. g5 b5 49. Rxf6 1-0

[Event "KAERNTNER SCHACHSOMMER 2013 22. int. Op"]
[Site "Feffernitz"]
[Date "2013.08.18"]
[Round "1"]
[White "Belikan, Thomas"]
[Black "Eisenbeiser, Amadeus"]
[Result "0-1"]
[WhiteElo "1819"]
[BlackElo "2336"]
[PlyCount "45"]
[EventDate "2013.08.18"]
[EventRounds "9"]
[EventCountry "AUT"]
[SourceDate "2005.09.12"]

1. Nf3 g6 2. e4 Bg7 3. g3 e5 4. d3 Ne7 5. Bg2 O-O 6. Nbd2 d5 7. O-O d4 8. b4
Nd7 9. Nb3 Re8 10. Qd2 b6 11. Bb2 c5 12. bxc5 bxc5 13. Ba3 c4 14. dxc4 Nb6 15.
c5 Nc4 16. Qb4 Ba6 17. Qa4 Qc8 18. Rfe1 Rb8 19. c6 Bb5 20. Qb4 Nxc6 21. Qc5 Bf8
22. Qd5 Nxa3 23. Ng5 0-1

[Event "KAERNTNER SCHACHSOMMER 2013 22. int. Op"]
[Site "Feffernitz"]
[Date "2013.08.18"]
[Round "1"]
[White "Zozulia, Anna"]
[Black "Zauchner, Markus"]
[Result "1-0"]
[WhiteElo "2316"]
[BlackElo "1814"]
[PlyCount "67"]
[EventDate "2013.08.18"]
[EventRounds "9"]
[EventCountry "AUT"]
[SourceDate "2005.09.12"]

1. e4 e5 2. Nf3 Nf6 3. Nc3 Nc6 4. Bb5 d6 5. d4 exd4 6. Nxd4 Bd7 7. O-O Be7 8.
Nf5 O-O 9. Nxe7+ Nxe7 10. Re1 h6 11. Qf3 Ng6 12. Bxd7 Qxd7 13. Bxh6 Qg4 14.
Qxg4 Nxg4 15. Be3 a6 16. Rad1 Rfe8 17. Bc1 Nf6 18. f3 Rad8 19. Bg5 Ne5 20. Bxf6
gxf6 21. Nd5 Kg7 22. Nxc7 Rh8 23. Nd5 Rc8 24. c3 Nc4 25. Re2 b5 26. f4 Rhe8 27.
Kf2 f5 28. b3 Na5 29. exf5 Rxe2+ 30. Kxe2 Re8+ 31. Kf3 f6 32. g4 Nb7 33. g5 Nc5
34. Nxf6 1-0

[Event "KAERNTNER SCHACHSOMMER 2013 22. int. Op"]
[Site "Feffernitz"]
[Date "2013.08.18"]
[Round "1"]
[White "Reichenbacher, Gerhard"]
[Black "Kesik, Klaus-Dieter"]
[Result "0-1"]
[WhiteElo "1806"]
[BlackElo "2233"]
[PlyCount "31"]
[EventDate "2013.08.18"]
[EventRounds "9"]
[EventCountry "AUT"]
[SourceDate "2005.09.12"]

1. c4 Nf6 2. Nf3 g6 3. g3 Bg7 4. Bg2 O-O 5. O-O d6 6. Nc3 a6 7. d4 Nc6 8. Re1
Nd7 9. d5 Na7 10. Qa4 c5 11. dxc6 Nxc6 12. Bd2 Nb6 13. Qc2 Nxc4 14. b3 Nxd2 15.
Nxd2 Nd4 16. Qc1 0-1

[Event "KAERNTNER SCHACHSOMMER 2013 22. int. Op"]
[Site "Feffernitz"]
[Date "2013.08.18"]
[Round "1"]
[White "Manhardt, Thomas"]
[Black "Spitzl, Robert"]
[Result "1-0"]
[WhiteElo "2217"]
[BlackElo "1799"]
[PlyCount "47"]
[EventDate "2013.08.18"]
[EventRounds "9"]
[EventCountry "AUT"]
[SourceDate "2005.09.12"]

1. e4 e5 2. Nf3 Nc6 3. d4 exd4 4. Nxd4 Bc5 5. Be3 Qf6 6. c3 Nge7 7. Bc4 O-O 8.
O-O a6 9. a4 d6 10. Kh1 Ne5 11. Be2 Bd7 12. f4 N5c6 13. Na3 Ng6 14. Nac2 Rfe8
15. Bd3 Qe7 16. Nf5 Bxf5 17. exf5 Nf8 18. Re1 Bxe3 19. Nxe3 Qd7 20. Qh5 f6 21.
Bc4+ Kh8 22. Nd5 Ne7 23. Qf7 Nxd5 24. Qxd5 1-0

[Event "KAERNTNER SCHACHSOMMER 2013 22. int. Op"]
[Site "Feffernitz"]
[Date "2013.08.18"]
[Round "1"]
[White "Arztmann, Wolfgang"]
[Black "Gruber, Otmar"]
[Result "1-0"]
[WhiteElo "2193"]
[BlackElo "1792"]
[PlyCount "25"]
[EventDate "2013.08.18"]
[EventRounds "9"]
[EventCountry "AUT"]
[SourceDate "2005.09.12"]

1. e4 c6 2. d3 d5 3. Nd2 dxe4 4. dxe4 e6 5. Ngf3 Bc5 6. Bd3 Ne7 7. O-O O-O 8.
e5 Ng6 9. Ne4 Be7 10. Nfg5 h6 11. Qh5 Nh8 12. Nf6+ gxf6 13. Qxh6 1-0

[Event "KAERNTNER SCHACHSOMMER 2013 22. int. Op"]
[Site "Feffernitz"]
[Date "2013.08.18"]
[Round "1"]
[White "Martin, Heinz"]
[Black "Praznik, Anton"]
[Result "0-1"]
[WhiteElo "1789"]
[BlackElo "2154"]
[PlyCount "98"]
[EventDate "2013.08.18"]
[EventRounds "9"]
[EventCountry "AUT"]
[SourceDate "2005.09.12"]

1. e4 d6 2. d4 Nf6 3. Nc3 g6 4. Nf3 Bg7 5. Bg5 h6 6. Bh4 g5 7. Bg3 Nh5 8. Bc4
e6 9. Ne2 Nxg3 10. hxg3 a6 11. Qd2 b5 12. Bb3 Bb7 13. Qe3 Nd7 14. Nh2 c5 15. c3
Qe7 16. f4 e5 17. d5 exf4 18. gxf4 gxf4 19. Qxf4 Ne5 20. Bc2 h5 21. Ng3 Bc8 22.
O-O Bh6 23. Qf6 Qxf6 24. Rxf6 Ke7 25. Raf1 Bg5 26. R6f5 Bxf5 27. Nxf5+ Kd7 28.
a4 Rhg8 29. Bd1 h4 30. Ng4 Rae8 31. axb5 axb5 32. Be2 Nxg4 33. Bxg4 Kc7 34. Bh3
Ra8 35. Nxd6 Kxd6 36. Rxf7 Rgf8 37. Rd7+ Ke5 38. Bf5 Rxf5 39. exf5 Be3+ 40. Kf1
Kxf5 41. Ke2 Re8 42. Kf3 Bg1 43. Rf7+ Ke5 44. Rd7 Rf8+ 45. Kg4 Rg8+ 46. Kxh4
Rxg2 47. b3 Bf2+ 48. Kh5 Rg3 49. Rf7 Rxc3 0-1

[Event "KAERNTNER SCHACHSOMMER 2013 22. int. Op"]
[Site "Feffernitz"]
[Date "2013.08.18"]
[Round "1"]
[White "Kummer, Heinz"]
[Black "Eulering, Georg"]
[Result "0-1"]
[WhiteElo "1782"]
[BlackElo "2137"]
[PlyCount "80"]
[EventDate "2013.08.18"]
[EventRounds "9"]
[EventCountry "AUT"]
[SourceDate "2005.09.12"]

1. e4 c5 2. Nf3 Nf6 3. Nc3 Nc6 4. d4 d5 5. exd5 Nxd5 6. Ne4 cxd4 7. Nxd4 Ndb4
8. Nxc6 Qxd1+ 9. Kxd1 Nxc6 10. c3 e5 11. Bc4 f6 12. Bd2 Bf5 13. Re1 O-O-O 14.
f3 h5 15. Ke2 Be7 16. Rad1 g5 17. Be3 b6 18. Rxd8+ Rxd8 19. Rd1 Kc7 20. Rxd8
Nxd8 21. Bb3 h4 22. h3 Ne6 23. Bxe6 Bxe6 24. a3 Bc4+ 25. Ke1 Kc6 26. Nd2 Be6
27. c4 a5 28. Ke2 b5 29. cxb5+ Kxb5 30. Kd3 f5 31. Kc2 Bd5 32. Kc1 g4 33. Ba7
Bf6 34. hxg4 fxg4 35. Bf2 g3 36. Be3 Be7 37. Kc2 Bc5 38. Bxc5 Kxc5 39. Nf1 Bxf3
40. gxf3 g2 0-1